Wszyscy Zwyciezcy ligi mistrzów - Statystyki

Ogólne statystyki
  • Ten quiz został rozwiązany 125 razy
    4 od ostatniego zresetowania
  • Średni wynik to 65 z 71
Statystyki odpowiedzi
Rok Wygrany Przegrany Wynik % Poprawnych
2007 AC Milan Liverpool FC 2:1
100%
2003 AC Milan Juventus Turyn 0:0(3:2)
100%
1994 AC Milan FC Barcelona 4:0
100%
1990 AC Milan Benfica Lizbona 1:0
100%
1989 AC Milan Steaua Bukareszt 4:0
100%
1969 AC Milan Ajax Amsterdam 4:1
100%
1963 AC Milan Benfica Lizbona 2:1
100%
2020 Bayern Monachium Paris Saint-Germain 1:0
100%
2013 Bayern Monachium Borussia Dortmund 2:1
100%
2001 Bayern Monachium Valencia CF 1:1(5:4)
100%
1976 Bayern Monachium AS Saint-Etienne 1:0
100%
1975 Bayern Monachium Leeds United 2:0
100%
1974 Bayern Monachium Atletico Madryt 4:0
100%
1997 Borussia Dortmund Juventus Turyn 3:1
100%
2021 Chelsea Londyn Manchester City 1:0
100%
2012 Chelsea Londyn Bayern Monachium 1:1(4:3)
100%
2015 FC Barcelona Juventus Turyn 3:1
100%
2011 FC Barcelona Manchester United 3:1
100%
2009 FC Barcelona Manchester United 2:0
100%
2006 FC Barcelona Arsenal Londyn 2:1
100%
1992 FC Barcelona Sampdoria Genua 1:0
100%
2004 FC Porto AS Monaco 3:0
100%
1987 FC Porto Bayern Monachium 2:1
100%
2010 Inter Mediolan Bayern Monachium 2:0
100%
1965 Inter Mediolan Benfica Lizbona 1:0
100%
1964 Inter Mediolan Real Madryt 3:1
100%
1996 Juventus Turyn Ajax Amsterdam 1:1(4:2)
100%
1985 Juventus Turyn Liverpool FC 1:0
100%
2019 Liverpool FC Tottenham Hotspur 2:0
100%
2005 Liverpool FC AC Milan 3:3(3:2)
100%
1984 Liverpool FC AS Roma 1:1(4:2)
100%
1981 Liverpool FC Real Madryt 1:0
100%
1978 Liverpool FC Club Brugge 1:0
100%
1977 Liverpool FC Borussia Monchengladbach 3:1
100%
2023 Manchester City Inter Mediolan 1:0
100%
2008 Manchester United Chelsea Londyn 1:1(6:5)
100%
1999 Manchester United Bayern Monachium 2:1
100%
1968 Manchester United Benfica Lizbona 4:1
100%
2026 Paris Saint-Germain Arsenal Londyn 1:1(4:3)
100%
2025 Paris Saint-Germain Inter Mediolan 5:0
100%
2024 Real Madryt Borussia Dortmund 2:0
100%
2022 Real Madryt Liverpool FC 1:0
100%
2018 Real Madryt Liverpool FC 3:1
100%
2017 Real Madryt Juventus Turyn 4:1
100%
2016 Real Madryt Atletico Madryt 1:1(5:3)
100%
2014 Real Madryt Atletico Madryt 4:1
100%
2002 Real Madryt Bayer Leverkusen 2:1
100%
2000 Real Madryt Valencia CF 3:0
100%
1998 Real Madryt Juventus Turyn 1:0
100%
1966 Real Madryt Partizan Belgrad 2:1
100%
1960 Real Madryt Eintracht Frankfurt 7:3
100%
1959 Real Madryt Stade de Reims 2:0
100%
1958 Real Madryt AC Milan 3:2
100%
1957 Real Madryt ACF Fiorentina 2:0
100%
1956 Real Madryt Stade de Reims 4:3
100%
1995 Ajax Amsterdam AC Milan 1:0
75%
1973 Ajax Amsterdam Juventus Turyn 1:0
75%
1972 Ajax Amsterdam Inter Mediolan 2:0
75%
1971 Ajax Amsterdam Panathinaikos Ateny 2:0
75%
1982 Aston Villa Bayern Monachium 1:0
75%
1980 Nottingham Forest Hamburger SV 1:0
75%
1979 Nottingham Forest Malmo FF 1:0
75%
1993 Olympique Marsylia AC Milan 1:0
75%
1962 Benfica Lizbona Real Madryt 5:3
50%
1961 Benfica Lizbona FC Barcelona 3:2
50%
1967 Celtic Glasgow Inter Mediolan 2:1
50%
1991 Crvena Zvezda Olympique Marsylia 0:0(5:3)
50%
1970 Feyenoord Rotterdam Celtic Glasgow 2:1
50%
1988 PSV Eindhoven Benfica Lizbona 0:0(6:5)
50%
1983 Hamburger SV Juventus Turyn 1:0
25%
1986 Steaua Bukareszt FC Barcelona 0:0(2:0)
25%
Nie znaleziono quizów pasujących do podanych kryteriów
Rozkład punktacji
Procent ludzi z każdym wynikiem
Percentyl według liczby udzielonych odpowiedzi
Twoja historia wyników
Nie rozwiązałeś tego quizu od ostatniego zresetowania